100 best pre-independence speeches 1870-1947 / (Record no. 63712)

MARC details
000 -LEADER
fixed length control field 00449nam a22001457a 4500
005 - DATE AND TIME OF LATEST TRANSACTION
control field 20180818134353.0
020 ## - INTERNATIONAL STANDARD BOOK NUMBER
International Standard Book Number 8172233248
Terms of availability 395.00
035 ## - SYSTEM CONTROL NUMBER
System control number A-997654, A-997656
037 ## - SOURCE OF ACQUISITION
Stock number DPL
Source of stock number/acquisition ENG
100 ## - MAIN ENTRY--PERSONAL NAME
Personal name Sharma, H. D.
245 ## - TITLE STATEMENT
Title 100 best pre-independence speeches 1870-1947 /
Statement of responsibility, etc Comp. by H. D. Sharma
260 ## - PUBLICATION, DISTRIBUTION, ETC. (IMPRINT)
Place of publication, distribution, etc New Delhi
Name of publisher, distributor, etc HarperCollins Publishers India
Date of publication, distribution, etc 2000
300 ## - PHYSICAL DESCRIPTION
Extent xi, 480p.
Dimensions 20 cms.
942 ## - ADDED ENTRY ELEMENTS (KOHA)
Source of classification or shelving scheme Dewey Decimal Classification
Item type English Books
Classification part 080
Call number suffix SHA
Holdings
Withdrawn status Lost status Not for loan Collection code Home library Current library Date acquired Cost, normal purchase price Full call number Barcode Cost, replacement price Koha item type Source of acquisition
      Non-fiction Sarojini Nagar Sarojini Nagar 03/03/2012 395.00 080 SHA B-30188 395.00 English Books  
      Non-fiction Shahdara Branch Shahdara Branch 18/08/2018 395.00 080 SHA A-997656 395.00 English Books BPPD/PUB

© Delhi Public Library
Hit Counter
free hit counter